| 000 | 00758nam a22001577a 4500 | ||
|---|---|---|---|
| 003 | OSt | ||
| 005 | 20190122135748.0 | ||
| 008 | 190122b xxu||||| |||| 00| 0 eng d | ||
| 040 | _cRUA | ||
| 082 | _aAGR SOU 2016 B625 Or.01 | ||
| 100 |
_913402 _aSOU LY ស៊ូ លី |
||
| 245 | _aeffect of split application of masinag organic liquitd fertilizer on growth of gorn at royal university of agriculture ប្រសិទ្ធភាពនៃជីសរីរាង្គម៉ាស៊ីនេកលើការលូតលាស់ដំណាំពោតចំណីសត្វនៅសាកលវិទ្យាល័យភូមិកសិកម្ម | ||
| 260 |
_aphnom penh _bRUA _c2016 |
||
| 300 |
_aviii,30 _bill, _c29cm, |
||
| 942 |
_2ddc _cAGR |
||
| 999 |
_c17743 _d17743 |
||